<?xml version="1.0" encoding="UTF-8"?>
<collection xmlns="http://www.loc.gov/MARC21/slim">
 <record>
  <leader>01735nam a22002297a 4500</leader>
  <controlfield tag="001">NCT_35898</controlfield>
  <controlfield tag="008">180522b        xxu||||| |||| 00| 0 vie d</controlfield>
  <datafield tag="999" ind1=" " ind2=" ">
   <subfield code="c">1731</subfield>
   <subfield code="d">1731</subfield>
  </datafield>
  <datafield tag="020" ind1=" " ind2=" ">
   <subfield code="a">978604821427</subfield>
   <subfield code="c">89000</subfield>
  </datafield>
  <datafield tag="082" ind1="0" ind2="4">
   <subfield code="2">23rd ed.</subfield>
   <subfield code="a">621</subfield>
   <subfield code="b">Gi108T</subfield>
  </datafield>
  <datafield tag="245" ind1="1" ind2="0">
   <subfield code="a">Giáo trình Mô đun Điều khiển thủy lực</subfield>
   <subfield code="c">Bộ Xây Dựng </subfield>
  </datafield>
  <datafield tag="260" ind1=" " ind2=" ">
   <subfield code="a">H.</subfield>
   <subfield code="b">Trường Cao đẳng nghề Việt Xô số 1</subfield>
   <subfield code="c">2015</subfield>
  </datafield>
  <datafield tag="300" ind1=" " ind2=" ">
   <subfield code="a">106 tr.</subfield>
   <subfield code="b">Minh họa</subfield>
   <subfield code="c">27cm</subfield>
  </datafield>
  <datafield tag="520" ind1="3" ind2=" ">
   <subfield code="a">Tài liệu bao gồm các nội dung: giới thiệu hệ thống điều khiển bằng thủy lực, thiết bị cung cấp và xử lý dầu, các phần tử thủy lực thông dụng, các phần tử điện-thủy lực cơ bản, các mạch thủy lực, điện- thủy lực ứng dụng.</subfield>
  </datafield>
  <datafield tag="653" ind1=" " ind2=" ">
   <subfield code="a">Công nghệ Kỹ thuật Ô tô</subfield>
  </datafield>
  <datafield tag="942" ind1=" " ind2=" ">
   <subfield code="2">ddc</subfield>
   <subfield code="c">BK</subfield>
  </datafield>
  <datafield tag="952" ind1=" " ind2=" ">
   <subfield code="0">0</subfield>
   <subfield code="1">0</subfield>
   <subfield code="2">ddc</subfield>
   <subfield code="4">0</subfield>
   <subfield code="6">621_000000000000000_GI108T</subfield>
   <subfield code="7">0</subfield>
   <subfield code="9">8364</subfield>
   <subfield code="a">000001</subfield>
   <subfield code="b">000001</subfield>
   <subfield code="d">2018-05-22</subfield>
   <subfield code="o">621 Gi108T</subfield>
   <subfield code="p">MD.10692</subfield>
   <subfield code="r">2018-05-22</subfield>
   <subfield code="v">89000.00</subfield>
   <subfield code="w">2018-05-22</subfield>
   <subfield code="y">BK</subfield>
  </datafield>
  <datafield tag="952" ind1=" " ind2=" ">
   <subfield code="0">0</subfield>
   <subfield code="1">0</subfield>
   <subfield code="2">ddc</subfield>
   <subfield code="4">0</subfield>
   <subfield code="6">621_000000000000000_GI108T</subfield>
   <subfield code="7">0</subfield>
   <subfield code="9">8365</subfield>
   <subfield code="a">000001</subfield>
   <subfield code="b">000001</subfield>
   <subfield code="d">2018-05-22</subfield>
   <subfield code="o">621 Gi108T</subfield>
   <subfield code="p">MD.10693</subfield>
   <subfield code="r">2018-05-22</subfield>
   <subfield code="v">89000.00</subfield>
   <subfield code="w">2018-05-22</subfield>
   <subfield code="y">BK</subfield>
  </datafield>
  <datafield tag="952" ind1=" " ind2=" ">
   <subfield code="0">0</subfield>
   <subfield code="1">0</subfield>
   <subfield code="2">ddc</subfield>
   <subfield code="4">0</subfield>
   <subfield code="6">621_000000000000000_GI108T</subfield>
   <subfield code="7">0</subfield>
   <subfield code="9">8366</subfield>
   <subfield code="a">000001</subfield>
   <subfield code="b">000001</subfield>
   <subfield code="d">2018-05-22</subfield>
   <subfield code="o">621 Gi108T</subfield>
   <subfield code="p">MD.10694</subfield>
   <subfield code="r">2018-05-22</subfield>
   <subfield code="v">89000.00</subfield>
   <subfield code="w">2018-05-22</subfield>
   <subfield code="y">BK</subfield>
  </datafield>
  <datafield tag="952" ind1=" " ind2=" ">
   <subfield code="0">0</subfield>
   <subfield code="1">0</subfield>
   <subfield code="2">ddc</subfield>
   <subfield code="4">0</subfield>
   <subfield code="6">621_000000000000000_GI108T</subfield>
   <subfield code="7">0</subfield>
   <subfield code="9">8367</subfield>
   <subfield code="a">000001</subfield>
   <subfield code="b">000001</subfield>
   <subfield code="d">2018-05-22</subfield>
   <subfield code="o">621 Gi108T</subfield>
   <subfield code="p">MD.10695</subfield>
   <subfield code="r">2018-05-22</subfield>
   <subfield code="v">89000.00</subfield>
   <subfield code="w">2018-05-22</subfield>
   <subfield code="y">BK</subfield>
  </datafield>
  <datafield tag="952" ind1=" " ind2=" ">
   <subfield code="0">0</subfield>
   <subfield code="1">0</subfield>
   <subfield code="2">ddc</subfield>
   <subfield code="4">0</subfield>
   <subfield code="6">621_000000000000000_GI108T</subfield>
   <subfield code="7">0</subfield>
   <subfield code="9">8368</subfield>
   <subfield code="a">000001</subfield>
   <subfield code="b">000001</subfield>
   <subfield code="d">2018-05-22</subfield>
   <subfield code="o">621 Gi108T</subfield>
   <subfield code="p">MD.10696</subfield>
   <subfield code="r">2018-05-22</subfield>
   <subfield code="v">89000.00</subfield>
   <subfield code="w">2018-05-22</subfield>
   <subfield code="y">BK</subfield>
  </datafield>
  <datafield tag="980" ind1=" " ind2=" ">
   <subfield code="a">Thư viện Trường Đại học Nam Cần Thơ</subfield>
  </datafield>
 </record>
</collection>
